Normal view
MARC view
- Nipanekar V
Entry Personal Name
001 - CONTROL NUMBER
- control field: 211714
003 - CONTROL NUMBER IDENTIFIER
- control field: OSt
005 - DATE AND TIME OF LATEST TRANSACTION
- control field: 20250324155003.0
008 - FIXED-LENGTH DATA ELEMENTS
- fixed length control field: 250324|| aca||aabn | a|a d
040 ## - CATALOGING SOURCE
- Original cataloging agency: OSt
- Transcribing agency: OSt
100 ## - HEADING--PERSONAL NAME
- Personal name: Nipanekar V
670 ## - SOURCE DATA FOUND
- Source citation: Work cat.: (OSt)365724: Nipanekar V., स्वातंत्र्यलढा: राष्ट्रीय कीर्तन व भारूड, 2022